000 00692ntaaa2200217 4500
003 01
005 20251027201242.0
008 0714s1973 ag 01
020 _a0878082239
040 _aAR-BaBN
_bspa
_cAR-BaBN
_eaacr
_dRIC
082 _a266 G51c
100 _aGlobal Consultation on World Evangelization by AD 2000 and beyond
_910686
245 _aCountdown to AD 2000 /
_cGlobal Consultation on World Evangelization by AD 2000 and beyond, Thomas Wang
250 _a1 ed.
260 _aPasadena :
_bAD 2000 Movement :
_bWilliam Carey Library,
_c1989
300 _a236 p ;
_c21 cm
650 _aMisiones
650 _aAlcance 2000
_910687
700 _aWang, Thomas
_910688
942 _cBK
999 _c6886
_d6886